| 000 -LEADER |
| fixed length control field |
00847nam a22002417a 4500 |
| 005 - DATE AND TIME OF LATEST TRANSACTION |
| control field |
20190911105913.0 |
| 008 - FIXED-LENGTH DATA ELEMENTS--GENERAL INFORMATION |
| fixed length control field |
190911b ||||| |||| 00| 0 eng d |
| 020 ## - INTERNATIONAL STANDARD BOOK NUMBER |
| International Standard Book Number |
9780198321668 |
| 020 ## - INTERNATIONAL STANDARD BOOK NUMBER |
| International Standard Book Number |
019832166X |
| 040 ## - CATALOGING SOURCE |
| Transcribing agency |
KH8 |
| 082 ## - DEWEY DECIMAL CLASSIFICATION NUMBER |
| Classification number |
822.33 SHA |
| 100 ## - MAIN ENTRY--PERSONAL NAME |
| Personal name |
Shakespeare, William |
| Relator term |
author |
| 245 ## - TITLE STATEMENT |
| Title |
Romeo & Juliet / |
| Statement of responsibility, etc. |
William Shakespeare; edited by Roma Gill |
| 260 ## - PUBLICATION, DISTRIBUTION, ETC. |
| Place of publication, distribution, etc. |
Oxford : |
| Name of publisher, distributor, etc. |
Oxford University Press, |
| Date of publication, distribution, etc. |
2009. |
| 300 ## - PHYSICAL DESCRIPTION |
| Extent |
1 v. : |
| Other physical details |
ill. ; |
| Dimensions |
22 cm. |
| 440 ## - SERIES STATEMENT/ADDED ENTRY--TITLE |
| Title |
Oxford school Shakespeare |
| 500 ## - GENERAL NOTE |
| Materials specified |
Previous ed.: 2005.<br/>Includes index.<br/>Formerly CIP. |
| 600 ## - SUBJECT ADDED ENTRY--PERSONAL NAME |
| Personal name |
Shakespeare, William |
| Dates associated with a name |
1564-1616 |
| Title of a work |
Romeo and Juliet |
| General subdivision |
Juvenile literature. |
| 650 ## - SUBJECT ADDED ENTRY--TOPICAL TERM |
| Topical term or geographic name entry element |
Romeo |
| Form subdivision |
(Fictitious character) |
| General subdivision |
Juvenile drama. |
| 650 ## - SUBJECT ADDED ENTRY--TOPICAL TERM |
| Topical term or geographic name entry element |
Juliet |
| Form subdivision |
(Fictitious character) |
| General subdivision |
Juvenile drama. |
| 700 ## - ADDED ENTRY--PERSONAL NAME |
| Personal name |
Gill, Roma |
| Relator term |
Editor |
| 942 ## - ADDED ENTRY ELEMENTS (KOHA) |
| Source of classification or shelving scheme |
|
| Koha item type |
Books - Non Ficton |